| 000 | 00477nam a22001577a 4500 | ||
|---|---|---|---|
| 999 |
_c7753 _d7753 |
||
| 008 | 230712b ||||| |||| 00| 0 eng d | ||
| 020 | _a9788411597548 | ||
| 040 | _aCDMR | ||
| 100 |
_94859 _aRodríguez Mas, Agustín |
||
| 245 |
_aRadio Minuto _b: la historia _c/ Agustín Rodríguez Mas |
||
| 260 |
_a[Almería] _b: Círculo Rojo, _c2023 |
||
| 300 | _a118 pàgines | ||
| 610 | 0 |
_94860 _aRadio Minuto |
|
| 650 | 0 |
_93105 _aRadiodifusió _zCatalunya _xHistòria |
|
| 942 |
_2udc _cMON |
||